000 08979cam a22013454i 4500
003 PE-LiUPU
005 20250813185601.0
008 150706s r 000 0 d
020 _a9786034011076
035 _a(Sirsi) i9786034011076
040 _aPE-LiUPU
_bspa
_cPE-LiUPU
_erda
049 _aPRUA
082 0 4 _a378.8
_bR21
_221
100 1 _aRama Vitale, Claudio,
_eautor.
245 1 0 _aTendencias de la educación superior en América Latina y el Caribe en el siglo XXI :
_bdesautonomización, desgratuitarización, desnacionalización y despresencialización /
_cClaudio Rama Vitale.
264 1 _aLima :
_bAsamblea Nacional de Rectores,
_c2008.
300 _a286 páginas :
_bilustraciones ;
_c24 centímetros
336 _atext
_2rdacontent
337 _aunmediated
_2rdamedia
338 _avolume
_2rdacarrier
504 _aIncluye notas bibliográficas.
505 0 _aLa desautonomización de la educación superior -- La tendencia a las regulaciones gubernamentales -- Las transformaciones al interior del modelo autonomista del siglo XX -- Las regulaciones externas a las universidades y la desautonomización -- Desautonomización y nueva versión de la autonomía en el siglo XXI -- Los nuevos ejes de las reformas universitarias -- La tendencia a la flexibilización curricular -- El currículo y la sociedad del conocimiento -- La internacionalización del currículo -- Los nuevos escenarios del currículo con la educación virtual y la educación permanente -- Las dinámicas del currículo rígido en América Latina -- La tendencia a la evaluación externa -- La creación de las agencias de evaluación y acreditación -- De las agencias de evaluación a los sistemas de aseguramiento de la calidad -- La diferenciación de los sistemas de aseguramiento de la calidad -- El futuro de la evaluación educativa -- La dificultad de evaluar la educación transnacional -- La dificultad de evaluar la educación virtual -- La desgratuitarización de la educación superior -- La tendencia a la mercantilización de las universidades -- La incapacidad de poder cubrir financieramente todas las demandas de acceso -- La diversificación de las fuentes financieras de las universidades -- La diferenciación de los costos y de los precios de la educación superior -- La estrategia de sobrevivencia de los hogares latinoamericanos -- Las tendencias a la diversificación del financiamiento -- La tendencia a la propietarización de la investigación -- La privatización del conocimiento -- Cambios en la propiedad intelectual con la sociedad del conocimiento -- Globalización y armonización del derecho de propiedad intelectual -- Las distintas modalidades universitarias de relación entre docencia e investigación -- Impacto sobre las universidades de América Latina de los nuevos escenarios de creación de conocimientos -- El papel del estado en la promoción de la investigación -- La desnacionalización de la educación superior -- La tendencia a la postgraduarización de la educación superior -- Los postgrados como expresión de la sociedad del conocimiento -- Características de los postgrados en América Latina -- Las características de los estudiantes de postgrado -- Las diversas etapas de los postgrados -- Los postgrados como parte de los circuitos de la educación transnacional -- La tendencia a la internacionalización de la educación superior -- Características de la internacionalización de la educación superior -- La nueva educación global -- La diferenciación de los procesos de internacionalización -- Los impulsores de la internacionalización de la educación superior en América Latina -- La internacionalización de la educación como instrumento para incrementar la calidad -- La educación como un bien público internacional -- La despresencialización de la educación superior -- La tendencia a la creación de industrias educativas -- De la cultura presencial a la cultura industrial -- El desarrollo de internet como nueva industria cultural -- La confluencia de cultura y educación con la digitalización -- El nacimiento de la industria educativa -- El nuevo paradigma educativo -- La tendencia a la virtualización de la educación superior -- La tecnología y el nuevo paradigma societario -- Las resistencias sociales a los cambios estructurales -- América Latina en la nueva división internacional de la educación a través de la virtualización -- Impulsores y restrictores de la virtualización en América Latina -- Los impulsores institucionales de la despresencialización de la educación superior en América Latina -- La tendencia a la despresencialización como expresión de la diferenciación institucional -- Las tradicionales universidades públicas -- Las universidades públicas a distancia -- Las nuevas modalidades públicas de acceso en la región -- Las universidades privadas del interior -- La virtualización de las tradicionales ofertas de educación superior -- Las tendencias dominantes de los procesos de virtualización en la región.
526 _aP202
526 _aP201
526 _aP163
526 _aP162
526 _aP161
526 _aP160
526 _aP148
526 _aP147
526 _aP146
526 _aP145
526 _aP144
526 _aP143
526 _aP142
526 _aP141
526 _aP140
526 _aP139
526 _aP138
526 _aP137
526 _aP136
526 _aP135
526 _aP134
526 _aP133
526 _aP129
526 _aP128
526 _aP127
526 _aP120
526 _aP119
526 _aP118
526 _aP116
526 _aP115
526 _aP114
526 _aP110
526 _aP109
526 _aP108
526 _aP104
526 _aP103
526 _aP102
526 _aP99
526 _aP98
526 _aP97
526 _aP96
526 _aP95
526 _aP93
526 _aP90
526 _aP89
526 _aP88
526 _aP83
526 _aP82
526 _aP62
526 _aP59
526 _aP58
526 _aP57
526 _aP51
526 _aP49
526 _aP48
526 _aP47
526 _aP29
526 _aP24
526 _aP20
526 _aP19
526 _aP17
526 _aP15
526 _aP14
526 _aP12
526 _aP10
526 _aP09
526 _aP08
526 _aP07
526 _aP06
526 _aP05
526 _aP04
526 _aP01
650 0 4 _aEducación superior
_zAmérica Latina.
910 _bjck
_d20110331
942 _2ddc
_cBOOK
949 _a378.8 R21 1
_wDEWEY
_c2
_i62694
_lCCODEBUL1
_mBUL
_p13.00
_r0
_sY
_tBOOK
_u2015-7-6
_xEDUCACION
_zUNKNOWN
_0COMPRA
_o.STAFF. Colección General
949 _a378.8 R21
_wDEWEY
_c1
_i62695
_lCCODEBUL1
_mBUL
_p13.00
_r0
_sY
_tBOOK
_u2015-7-6
_xEDUCACION
_zUNKNOWN
_0COMPRA
_o.STAFF. Colección General
949 _a378.4 R21 2008
_wDEWEY
_c1
_iFJ05307
_lCCODEBUJ1
_mBUJ
_p13.00
_r0
_sY
_tBOOK
_u2016-07-08
_xEDUCACIÓN
_PP14
_o.STAFF -- Colección General Juliaca
949 _a378.4 R21 2008
_wDEWEY
_c2
_iFJ05308
_lCCODEBUJ1
_mBUJ
_p13.00
_r0
_sY
_tBOOK
_u2016-07-08
_xEDUCACIÓN
_PP14
_o.STAFF -- Colección General Juliaca
949 _a378.4 R21 2008
_wDEWEY
_c3
_iFJ05309
_lCCODEBUJ1
_mBUJ
_p13.00
_r0
_sY
_tBOOK
_u2016-07-08
_xEDUCACIÓN
_PP14
_o.STAFF -- Colección General Juliaca
949 _a378.4 R21 2008
_wDEWEY
_c4
_iFJ05310
_lCCODEBUJ1
_mBUJ
_p13.00
_r0
_sY
_tBOOK
_u2016-07-08
_xEDUCACIÓN
_PP14
_o.STAFF -- Colección General Juliaca
994 _aC0
_bPEPRU
596 _a1 3
999 _a378.8 R21
_wDEWEY
_c51788
_i62695
_f2021-11-8
_g5
_lCCODEBUL1
_mBUL
_p13.00
_r0
_sN
_tBOOK
_u2015-7-6
_xEDUCACION
_zUNKNOWN
_0COMPRA
_o.STAFF. Colección General
_d51788
999 _a378.8 R21 1
_wDEWEY
_c2
_i62694
_f2021-11-8
_g5
_lCCODEBUL1
_mBUL
_p13.00
_r0
_sN
_tBOOK
_u2015-7-6
_xEDUCACION
_zUNKNOWN
_0COMPRA
_o.STAFF. Colección General
999 _a378.4 R21 2008
_wDEWEY
_c1
_iFJ05307
_f2022-1-18
_g3
_lCCODEBUJ1
_mBUJ
_p13.00
_r0
_sY
_tBOOK
_u2017-1-13
_xBIBLIOTECA
_zUNKNOWN
_0COMPRA
_o.STAFF. Colección General Biblioteca
999 _a378.4 R21 2008
_wDEWEY
_c2
_iFJ05308
_f2022-1-18
_g3
_lCCODEBUJ1
_mBUJ
_p13.00
_r0
_sY
_tBOOK
_u2017-1-13
_xBIBLIOTECA
_zUNKNOWN
_0COMPRA
_o.STAFF. Colección General Juliaca
999 _a378.4 R21 2008
_wDEWEY
_c3
_iFJ05309
_f2022-1-18
_g3
_lCCODEBUJ1
_mBUJ
_p13.00
_r0
_sY
_tBOOK
_u2017-1-13
_xBIBLIOTECA
_zUNKNOWN
_0COMPRA
_o.STAFF. Colección General Juliaca
999 _a378.4 R21 2008
_wDEWEY
_c4
_iFJ05310
_d2017-8-31
_e2017-8-28
_f2022-1-18
_g3
_lCCODEBUJ1
_mBUJ
_n2
_p13.00
_q1
_r0
_sY
_tBOOK
_u2017-1-13
_xBIBLIOTECA
_zUNKNOWN
_0COMPRA
_o.STAFF. Colección General Juliaca
980 _81
_gALBERTO SANCHEZ Responsable de Automatización